Gilbert & George.

I tiakina i:
Ngā taipitopito rārangi puna kōrero
Hōputu: Pukapuka
Reo:Ingarihi
I whakaputaina: London : Tate Publishing, 2007
Ngā Tūtohu: Tāpirihia he Tūtohu
Kāore He Tūtohu, Me noho koe te mea tuatahi ki te tūtohu i tēnei pūkete!

MARC

LEADER 00000nam a22000007ic4500
001 IT\ICCU\TO0\1609497
003 ItRI
005 20260115232216.0
008 070717s2007 xxk|||||| ||||| |||||c
040 |b ita  |c importazione bologna sebina 
041 7 |a eng  |2 ISO-639-2 
245 0 0 |a Gilbert & George. 
260 |a London :  |b Tate Publishing,  |c 2007 
300 |a P. 627-1239 :  |b in gran parte ill. ;  |c 27x32 cm. 
773 0 |w IT\ICCU\TO0\1609495  |t Gilbert & George  |g 2 
942 |2 ddc  |c BK  |n 0 
952 |0 0  |1 0  |4 0  |6 DOC_709_200000000000000_GIL  |7 0  |9 21995  |a BO  |b BO  |d 2026-01-15  |i 11493  |l 0  |o DOC 709.2 GIL  |p BO11493  |r 2026-01-15 23:22:16  |w 2026-01-15  |x [Sebina 7] [v. 1-2]  |y BK  |z v. 2 
999 |c 18805  |d 18805